Phenomenology and science in contemporary European thought /

Bibliographic Details
Main Author: Tymieniecka, Anna-Teresa
Format: Book
Language:English
Published: [New York] : Farrar, Straus and Cudahy, [1962]
Subjects:

MARC

Tag First Indicator Second Indicator Subfields
LEADER 00000cam a2200000 4500
001 in00000084664
005 20151008053204.0
008 720315s1962 eng u
010 |a  61012299  
035 |a (OCoLC)00263928 
035 |9 AAH6584AM 
040 |c CWR  |d TXA  |d UtOrBLW 
049 |a TXAM  |c [464157] 
050 0 |a B829.5  |b .T9 
092 |a 142.7  |b T986p 
100 1 |a Tymieniecka, Anna-Teresa. 
245 1 0 |a Phenomenology and science in contemporary European thought /  |c With a foreword by I. M. Bochenski. 
264 1 |a [New York] :  |b Farrar, Straus and Cudahy,  |c [1962] 
300 |a xxii, 198 pages 
336 |a text  |b txt  |2 rdacontent 
337 |a unmediated  |b n  |2 rdamedia 
338 |a volume  |b nc  |2 rdacarrier 
504 |a Includes bibliography. 
650 0 |a Phenomenology. 
999 |a MARS 
999 f f |s 429a8eeb-25d7-3112-ba87-f4ec08aa2a26  |i 157e32a2-40b1-34ee-9ecd-b93f9f6764f2  |t 0 
952 f f |p ric  |a Texas A&M University  |b Rellis Campus  |c Joint Library Facility  |d Remote Storage  |t 0  |e B829.5 .T9  |h Library of Congress classification  |i unmediated -- volume  |m A14800518458 
998 f f |a B829.5 .T9  |t 0  |l Remote Storage